000 00565nam a2200145 a 4500
001 000038247
005 20201002031216.0
008 130405s2007 dr 000 0 spa d
020 _a9789945862201
040 _aDO-SdBNP
_bspa
_cBNPHU
245 0 0 _aConsulta popular para la reforma constitucional :
_bInforme final abril 2007.
260 _aSanto Domingo :
_bComisión Ejecutiva para el Proceso de Reforma Constitucional
_bConsulta Popular,
_c2007.
300 _a385 p. :
_bil. ;
_c29 cm.
710 1 _aComisión Ejecutiva para el Proceso de Reforma Constitucional
_964615
999 _c37737
_d37737